<?xml version="1.0" encoding="UTF-8"?>
<record
    xmlns:xsi="http://www.w3.org/2001/XMLSchema-instance"
    xsi:schemaLocation="http://www.loc.gov/MARC21/slim http://www.loc.gov/standards/marcxml/schema/MARC21slim.xsd"
    xmlns="http://www.loc.gov/MARC21/slim">

  <leader>01458nam a2200253   4500</leader>
  <controlfield tag="001">113627</controlfield>
  <controlfield tag="003">DR-UNIBE</controlfield>
  <controlfield tag="005">20250516140850.0</controlfield>
  <controlfield tag="008">250514b2013    sp ||||| |||| 00| 0 spa d</controlfield>
  <datafield tag="020" ind1=" " ind2=" ">
    <subfield code="a">9788497847766</subfield>
  </datafield>
  <datafield tag="020" ind1=" " ind2=" ">
    <subfield code="a">9788497847773</subfield>
  </datafield>
  <datafield tag="040" ind1=" " ind2=" ">
    <subfield code="a">BIBLIOTECA UNIBE</subfield>
    <subfield code="c">BIBLIOTECA UNIBE</subfield>
    <subfield code="e">rda</subfield>
  </datafield>
  <datafield tag="041" ind1=" " ind2=" ">
    <subfield code="a">spa</subfield>
  </datafield>
  <datafield tag="082" ind1=" " ind2=" ">
    <subfield code="a">501 M915c</subfield>
  </datafield>
  <datafield tag="100" ind1="1" ind2=" ">
    <subfield code="a">Moster&#xED;n, Jes&#xFA;s</subfield>
    <subfield code="e">autor</subfield>
    <subfield code="9">116303</subfield>
  </datafield>
  <datafield tag="245" ind1="1" ind2="0">
    <subfield code="a">Ciencia, filosof&#xED;a y racionalidad /</subfield>
    <subfield code="c"> Jes&#xFA;s Moster&#xED;n</subfield>
  </datafield>
  <datafield tag="260" ind1=" " ind2=" ">
    <subfield code="a">Barcelona: </subfield>
    <subfield code="b">Gedisa Editorial, </subfield>
    <subfield code="c">2013</subfield>
  </datafield>
  <datafield tag="300" ind1=" " ind2=" ">
    <subfield code="a">360 p&#xE1;ginas</subfield>
  </datafield>
  <datafield tag="500" ind1=" " ind2=" ">
    <subfield code="a">La biblioteca dispone de la versi&#xF3;n  electr&#xF3;nica</subfield>
  </datafield>
  <datafield tag="505" ind1=" " ind2=" ">
    <subfield code="a">1. Ciencias y humanidades |
2. Grandeza y miseria de la filosof&#xED;a anal&#xED;tica |
3. Naturaleza humana y emociones morales |
4. Convenciones y normas |
5. Teor&#xED;a de la racionalidad |
6. La racionalidad cient&#xED;fica |
7. L&#xED;mites del conocimiento |
8. Modelos simples de un mundo complejo |
9. La frontera entre ciencia y especulaci&#xF3;n |
10. La consistencia en la ciencia emp&#xED;rica |
11. Observaci&#xF3;n y detecci&#xF3;n |
12. Hurgando el nanomundo |
13. El principio antr&#xF3;pico en cosmolog&#xED;a |
14. Profesionales y aficionados |
15. Albert Einstein |
16. Karl Popper |
17. Entrevista con Karl Popper |
18. Thomas Kuhn |
19. La epistemolog&#xED;a evolutiva de Rescher |
20. Ap&#xE9;ndice: cuatro entrevistas al autor |
</subfield>
  </datafield>
  <datafield tag="650" ind1=" " ind2="7">
    <subfield code="2">lemb</subfield>
    <subfield code="a">Filosof&#xED;a</subfield>
    <subfield code="9">186240</subfield>
  </datafield>
  <datafield tag="650" ind1=" " ind2="7">
    <subfield code="2">lemb</subfield>
    <subfield code="a">Conocimiento</subfield>
    <subfield code="9">186241</subfield>
  </datafield>
  <datafield tag="942" ind1=" " ind2=" ">
    <subfield code="2">ddc</subfield>
    <subfield code="c">BK</subfield>
  </datafield>
  <datafield tag="999" ind1=" " ind2=" ">
    <subfield code="c">113627</subfield>
    <subfield code="d">113627</subfield>
  </datafield>
  <datafield tag="952" ind1=" " ind2=" ">
    <subfield code="0">0</subfield>
    <subfield code="1">0</subfield>
    <subfield code="2">ddc</subfield>
    <subfield code="7">0</subfield>
    <subfield code="8">GEN</subfield>
    <subfield code="a">Principal</subfield>
    <subfield code="d">2025-05-14</subfield>
    <subfield code="l">0</subfield>
    <subfield code="o">501 M915c</subfield>
    <subfield code="p">250590</subfield>
    <subfield code="r">2025-05-14 10:51:27</subfield>
    <subfield code="t">Ej. 1</subfield>
    <subfield code="w">2025-05-14</subfield>
    <subfield code="y">BK</subfield>
  </datafield>
  <datafield tag="952" ind1=" " ind2=" ">
    <subfield code="0">0</subfield>
    <subfield code="1">0</subfield>
    <subfield code="2">ddc</subfield>
    <subfield code="7">0</subfield>
    <subfield code="8">GEN</subfield>
    <subfield code="a">Principal</subfield>
    <subfield code="d">2025-05-14</subfield>
    <subfield code="l">0</subfield>
    <subfield code="o">501 M915c</subfield>
    <subfield code="p">250591</subfield>
    <subfield code="r">2025-05-14 10:51:48</subfield>
    <subfield code="t">Ej. 2</subfield>
    <subfield code="w">2025-05-14</subfield>
    <subfield code="y">BK</subfield>
  </datafield>
</record>
